000 00562nam a2200205Ia 4500
005 20250508163921.0
008 008 250505s9999 xx 000 0 eng d
020 _a81-7223-414-7
037 _aTextual
040 _aFEDL
_beng
_cFEDL
041 _aeng
_2eng
084 _a305, GUP
_qFEDL
100 _aGupta Dipankar
245 0 _aMistaken modernity: India between Worlds
260 _aNew Delhi, India
_bHarper Collins
_c2000
300 _axii,225p
650 _aSocial Structure
942 _cTEXL
_h305, GUP
999 _c1385984
_d1385984